Online
Catalog

Ecuador, Ecuador : (Record no. 10626)

MARC details
000 -CABECERA
campo de control de longitud fija 00929cam a2200265 a 4500
001 - NÚMERO DE CONTROL
campo de control 000010878
005 - FECHA Y HORA DE LA ÚLTIMA TRANSACCIÓN
campo de control 20200929162318.0
008 - DATOS DE LONGITUD FIJA--INFORMACIÓN GENERAL
campo de control de longitud fija 950814s1995 ec ab b 000 0 spa
010 ## - NÚMERO DE CONTROL DE LA BIBLIOTECA DEL CONGRESO
Número de control de LC 95191086
020 ## - NÚMERO INTERNACIONAL ESTÁNDAR DEL LIBRO
Número Internacional Estándar del Libro 9978790160
035 ## - NÚMERO DE CONTROL DEL SISTEMA
Número de control de sistema (BoCbEI)ei 95000592
040 ## - FUENTE DE LA CATALOGACIÓN
Centro catalogador/agencia de origen DO-SdBNP
Centro/agencia transcriptor DLC
Centro/agencia modificador DLC
043 ## - CÓDIGO DE ÁREA GEOGRÁFICA
Código de área geográfica s-ec---
050 00 - SIGNATURA TOPOGRÁFICA DE LA BIBLIOTECA DEL CONGRESO
Número de clasificación HD9574.E22
Número de documento/Ítem S57 1995
100 1# - ENTRADA PRINCIPAL--NOMBRE DE PERSONA
Nombre de persona Sierra Castro, Enrique.
9 (RLIN) 26234
245 10 - MENCIÓN DE TÍTULO
Título Ecuador, Ecuador :
Resto del título tu petroleo, tu gente! /
Mención de responsabilidad, etc. Enrique Sierra C.
250 ## - MENCIÓN DE EDICIÓN
Mención de edición 1. ed.
260 ## - PUBLICACIÓN, DISTRIBUCIÓN, ETC.
Lugar de publicación, distribución, etc. Quito, Ecuador :
Nombre del editor, distribuidor, etc. Ediciones Cultura y Didactica,
Fecha de publicación, distribución, etc. 1995.
300 ## - DESCRIPCIÓN FÍSICA
Extensión 263 p. (some folded) :
Otras características físicas ill., maps ;
Dimensiones 21 cm.
440 #0 - MENCIÓN DE SERIE/PUNTO DE ACCESO ADICIONAL--TÍTULO
Título Serie economica y social
9 (RLIN) 26235
504 ## - NOTA DE BIBLIOGRAFÍA, ETC.
Nota de bibliografía, etc. Includes bibliographical references (p. [247]-257).
650 #0 - PUNTO DE ACCESO ADICIONAL DE MATERIA--TÉRMINO DE MATERIA
Término de materia o nombre geográfico como elemento de entrada Petroleum industry and trade
Subdivisión geográfica Ecuador
Subdivisión general History.
9 (RLIN) 26236
650 #0 - PUNTO DE ACCESO ADICIONAL DE MATERIA--TÉRMINO DE MATERIA
Término de materia o nombre geográfico como elemento de entrada Petroleum industry and trade
Subdivisión general Privatization
Subdivisión geográfica Ecuador.
9 (RLIN) 26237
910 ## - DATOS DE OPCIÓN DEL USUARIO (OCLC)
Datos de opción del usuario Catalogación derivada
Holdings
Estado de retiro Estado de pérdida Restricciones de uso No para préstamo Código de colección Localización permanente Ubicación/localización actual Ubicación en estantería Fecha de adquisición Número de inventario Total de préstamos Signatura topográfica completa Código de barras Fecha visto por última vez Precio válido a partir de Tipo de ítem Koha
    Préstamo interno   Monografías: Libros y Folletos General General En catalogación 12.10.2009 LF1   10878-10 25.06.2020 25.06.2020 Préstamo interno

Powered by Koha